000 00432nam a2200169Ia 4500
003 GCL
008 140319s9999 xx 000 0 aRus d
040 _aGCL /
_cGCL
082 0 4 _a863
_bM T
100 1 _aMONTERO, ROSA
245 1 0 _aTE TRATARE COMO A UNA REINA /
_cMONTERO, ROSA
260 _a[S.N] :
_bBIBLIOTECA DE BOLSILLO ،
_c1993
300 _a245
650 0 4 _aFICTION
650 0 4 _aSPANISH LITERATURE
942 _2ddc
_cBK
999 _c12884
_d12884